000 00560nam a2200217Ia 4500
005 20250505124819.0
008 008 250505s9999 xx 000 0 eng d
037 _aTextbook
040 _aLCO
_beng
_cLCO
041 _aeng
_2eng
084 _aZ2,9298 R4
_qLCO
100 _aJain, M.P.
245 0 _aPrinciples of Administrative law
_cM.P. Jain
250 _a8th
260 _aHaryana, India
_bLexisNexis
_c2024
300 _a1115
365 _aINR
_b1995
650 _aLaw
942 _cTB
_hZ2,9298 R4
999 _c1310226
_d1310226